| 000 | 01130cam a22003497a 4500 | ||
|---|---|---|---|
| 003 | CHAP | ||
| 005 | 20220329142844.0 | ||
| 008 | 040903d2000 es a r 00110 spa d | ||
| 010 | _a88785 | ||
| 011 | _a89757 | ||
| 020 | _a8431524154 | ||
| 035 | _a100308 | ||
| 040 | _cCHAP | ||
| 082 | 0 | 4 | _a581.463 D3 |
| 100 | 0 | 0 |
_aDesmarais, Bénédicte. _932160 |
| 245 | 1 | 0 |
_aEs más fácil decirlo con flores _c/por Bénédicte Desmarais |
| 260 |
_aBarcelona : _bDe Vecchi, _c2000. |
||
| 300 |
_a174 p. : _bilus. |
||
| 590 |
_aBATCH-UPD _b10 _c20130110 _lUCH01 _h0502 |
||
| 590 |
_aBATCH-UPD _b10 _c20130410 _lUCH01 _h0140 |
||
| 590 |
_aBATCH-UPD _b10 _c20130914 _lUCH01 _h0742 |
||
| 590 |
_aCONVERSION _b10 _c20130109 _lUCH01 _h1349 |
||
| 650 | 1 | 4 |
_aBotánica médica. _914680 |
| 650 | 1 | 4 |
_aFlores. _941358 |
| 650 | 1 | 4 |
_aFlores _xAroma. _941362 |
| 650 | 1 | 4 |
_aPlantas aromáticas. _988900 |
| 901 | _aBK | ||
| 905 | _aAlejandra Carrasco M. | ||
| 942 | _cLIBRO | ||
| 949 |
_a581.463 D3 _bBC _cLIBRO _d33724000797304 _eLIBRO _h42556 _i100308 _si _t$ 151.00 |
||
| 949 |
_a581.463 D3 _bBC _cLIBRO _d33724000797312 _eLIBRO _fc.2 _h42557 _i100308 _si _t$ 151.00 |
||
| 999 |
_c88785 _d88785 |
||